[Event "18.int.Seniorenturnier Bad Woerishofen"]
[Site "Veranstalter: chessorg"]
[Date "2002.03.14"]
[Round "8"]
[White "Brehme, Helmut"]
[Black "Turboust, Roger"]
[Result "0-1"]
[WhiteElo "1597"]
[BlackElo "1752"]
[PlyCount "72"]
[EventDate "2002.03.??"]

1. f4 f5 2. d4 e6 3. Nf3 Nc6 4. e3 Nf6 5. c3 Be7 6. Bd3 O-O 7. Nbd2 b6 8. b4
Nd5 9. Nb1 Ncxb4 10. cxb4 Bxb4+ 11. Kf2 Bb7 12. a3 Be7 13. Bd2 a5 14. Nc3 Nf6
15. Qb3 Ng4+ 16. Ke2 c5 17. h3 cxd4 18. exd4 Nh6 19. Rhg1 Bf6 20. Be3 g5 21. a4
Rc8 22. Rac1 Nf7 23. g4 fxg4 24. hxg4 Nd6 25. Qb1 Nc4 26. Ne5 Bxe5 27. dxe5
Nxe3 28. Kxe3 d5 29. Nb5 Rxc1 30. Qxc1 d4+ 31. Nxd4 Rxf4 32. Qc4 Bd5 33. Nxe6
Rf3+ 34. Kd2 Bxc4 35. Nxd8 Rxd3+ 36. Kc2 Rxd8 0-1

[Event "18.int.Seniorenturnier Bad Woerishofen"]
[Site "Veranstalter: chessorg"]
[Date "2002.03.14"]
[Round "8"]
[White "Buchner, Matthias"]
[Black "Fleckner, Hans"]
[Result "1/2-1/2"]
[WhiteElo "1543"]
[BlackElo "1790"]
[PlyCount "36"]
[EventDate "2002.03.??"]

1. e4 c5 2. Nf3 Nc6 3. c3 d5 4. exd5 Qxd5 5. Bb5 a6 6. Bxc6+ Qxc6 7. O-O Nf6 8.
d4 e6 9. Be3 b6 10. Nbd2 Bb7 11. Ne1 Be7 12. dxc5 Bxc5 13. Bxc5 bxc5 14. Ndf3
O-O 15. Qe2 Rad8 16. Rd1 Rd6 17. Rxd6 Qxd6 18. Qe5 Rd8 1/2-1/2

[Event "18.int.Seniorenturnier Bad Woerishofen"]
[Site "Veranstalter: chessorg"]
[Date "2002.03.14"]
[Round "8"]
[White "Claus, Joachim"]
[Black "Kaiser, Hans_35BGladb"]
[Result "1/2-1/2"]
[WhiteElo "1864"]
[BlackElo "1619"]
[PlyCount "91"]
[EventDate "2002.03.??"]

1. e4 c5 2. d4 cxd4 3. c3 Nf6 4. e5 Nd5 5. cxd4 e6 6. Bc4 Nb6 7. Bb3 Nc6 8. Nf3
d6 9. O-O dxe5 10. dxe5 Be7 11. Nc3 O-O 12. Qe2 a6 13. Rd1 Qc7 14. Bf4 Na5 15.
Bc2 Bd7 16. Rac1 Bc6 17. Nd4 Rfd8 18. Ne4 Nd5 19. Bg3 b5 20. Qh5 g6 21. Qh6 Bf8
22. Qg5 Bg7 23. Nf6+ Kh8 24. Nxd5 Rxd5 25. Be4 Qd7 26. Bxd5 Bxd5 27. b3 Qb7 28.
Nf3 h6 29. Qe3 Nc6 30. a3 Kh7 31. b4 Bf8 32. Ne1 a5 33. bxa5 Rxa5 34. Rc3 Qa6
35. Nc2 Be7 36. h4 Bd8 37. Qf4 Kg7 38. Nb4 Nxb4 39. Qxb4 Qb7 40. f3 Ra4 41. Qb2
Be7 42. Bf2 Qa6 43. Bc5 Bxh4 44. Rd4 Bg3 45. Rxa4 Qxa4 46. Qc2 1/2-1/2

[Event "18.int.Seniorenturnier Bad Woerishofen"]
[Site "Veranstalter: chessorg"]
[Date "2002.03.14"]
[Round "8"]
[White "Disselberger, Alfons"]
[Black "Michalowski, Richard"]
[Result "1-0"]
[WhiteElo "1391"]
[BlackElo "1521"]
[PlyCount "147"]
[EventDate "2002.03.??"]

1. e4 d5 2. exd5 Qxd5 3. Nc3 Qa5 4. d4 c6 5. Nf3 Nf6 6. Bd2 Bg4 7. Be2 Nbd7 8.
O-O e6 9. a3 Qc7 10. Re1 Bd6 11. h3 Bh5 12. Ne5 Bxe2 13. Qxe2 O-O 14. Bf4 Nb6
15. Bg5 Nfd5 16. Nxd5 cxd5 17. Nf3 Rac8 18. c3 Nc4 19. b4 Rfe8 20. Bh4 f6 21.
g4 e5 22. Kg2 Kf7 23. Qc2 e4 24. Ng1 Nb6 25. Ne2 Nc4 26. Qc1 e3 27. f3 Nd2 28.
Qc2 g6 29. Rh1 Bf4 30. a4 Kg7 31. a5 g5 32. Be1 a6 33. h4 Kg8 34. h5 Qc4 35.
Qd1 Re6 36. Bg3 Qc7 37. Bxf4 gxf4 38. Qc2 Re4 39. fxe4 dxe4 40. Kh3 f3 41. Ng3
Qc4 42. Rhe1 Qxc3 43. Qxc3 Rxc3 44. Rac1 Rxc1 45. Rxc1 e2 46. Re1 Kf7 47. Nxe2
f2 48. Rc1 f1=Q+ 49. Rxf1 Nxf1 50. Nc3 Nd2 51. Kg3 e3 52. Kf4 Nc4 53. Kf3 Ke6
54. Ke4 b5 55. axb6 Nxb6 56. Kxe3 Nc4+ 57. Kf4 Nd6 58. d5+ Ke7 59. Ne4 Nb7 60.
Kf5 a5 61. bxa5 Nxa5 62. d6+ Kf7 63. Nxf6 h6 64. d7 Nc6 65. Ne8 Ke7 66. Kg6
Ne5+ 67. Kxh6 Nxg4+ 68. Kg5 Ne5 69. Nf6 Nf7+ 70. Kg6 Kf8 71. h6 Nh8+ 72. Kf5
Ke7 73. h7 Nf7 74. Kg6 1-0

[Event "18.int.Seniorenturnier Bad Woerishofen"]
[Site "Veranstalter: chessorg"]
[Date "2002.03.14"]
[Round "8"]
[White "Duer, Maria"]
[Black "Budde, Reinhard"]
[Result "1/2-1/2"]
[WhiteElo "1783"]
[BlackElo "1598"]
[PlyCount "98"]
[EventDate "2002.03.??"]

1. Nf3 c5 2. c4 d6 3. d3 Nf6 4. g3 Nc6 5. Bg2 e6 6. O-O Bd7 7. Nc3 a6 8. a4 Be7
9. Bd2 O-O 10. Re1 Re8 11. h3 Rb8 12. e4 Qc7 13. Bg5 h6 14. Be3 Rbd8 15. Qd2
Kh7 16. Rad1 Rh8 17. b3 Kg8 18. d4 cxd4 19. Nxd4 Nxd4 20. Qxd4 e5 21. Qd3 Qc8
22. Qf1 Kh7 23. Kh2 Be6 24. Qd3 g6 25. Qd2 Kg7 26. f4 exf4 27. Bxf4 Kf8 28. Nd5
Bxd5 29. Bxh6+ Kg8 30. exd5 Bf8 31. Bg5 Bg7 32. Bxf6 Bxf6 33. Rf1 Be5 34. Qf2
Rf8 35. Rd3 f5 36. Rf3 Rh5 37. Re1 Qd8 38. c5 Qg5 39. cxd6 Bxd6 40. Qe3 Qxe3
41. Rexe3 f4 42. Rd3 fxg3+ 43. Kh1 Rxf3 44. Rxf3 Kg7 45. Re3 Re5 46. Be4 Bc5
47. Re2 Kf6 48. Kg2 Bd6 49. Kf3 Kg5 1/2-1/2

[Event "18.int.Seniorenturnier Bad Woerishofen"]
[Site "Veranstalter: chessorg"]
[Date "2002.03.14"]
[Round "8"]
[White "Dunkel, Horst_38Memm"]
[Black "Alicke, Manfred"]
[Result "0-1"]
[WhiteElo "1580"]
[BlackElo "1571"]
[PlyCount "58"]
[EventDate "2002.03.??"]

1. e4 c5 2. f4 e6 3. Nf3 b6 4. Nc3 Bb7 5. Be2 Nc6 6. O-O Nge7 7. d3 d5 8. e5 d4
9. Ne4 Nf5 10. a3 Nce7 11. Bd2 Nd5 12. Qc1 Be7 13. Ne1 h5 14. Nf3 h4 15. Nfg5
Nde3 16. Rf3 Rh6 17. Rh3 Rc8 18. c4 Qd7 19. Bxe3 dxe3 20. Nc3 Nd4 21. Rxe3 Nb3
22. Qd1 Nxa1 23. Qxa1 Qd4 24. Qc1 Qxf4 25. Nh3 Qd4 26. Kh1 Rg6 27. Ne4 Qxe5 28.
Bf3 Qc7 29. Nf4 Qxf4 0-1

[Event "18.int.Seniorenturnier Bad Woerishofen"]
[Site "Veranstalter: chessorg"]
[Date "2002.03.14"]
[Round "8"]
[White "Eichinger, Adolf"]
[Black "Alefs, Heinz"]
[Result "0-1"]
[WhiteElo "1484"]
[BlackElo "1667"]
[PlyCount "50"]
[EventDate "2002.03.??"]

1. e4 c5 2. Nf3 e6 3. d4 cxd4 4. Nxd4 a6 5. Nc3 Qc7 6. Bd3 b5 7. a3 Nc6 8. Nxc6
dxc6 9. O-O Bb7 10. Be3 Nf6 11. b4 c5 12. bxc5 Bxc5 13. Qf3 Bxe3 14. Nxb5 Bxf2+
15. Kh1 axb5 16. Bxb5+ Kf8 17. Rxf2 Nxe4 18. Re2 Nc3 19. Qe3 Nxb5 20. Rf1 Bd5
21. Ref2 f5 22. Qd2 Qe7 23. Rxf5+ exf5 24. Rxf5+ Bf7 25. Rxb5 Re8 0-1

[Event "18.int.Seniorenturnier Bad Woerishofen"]
[Site "Veranstalter: chessorg"]
[Date "2002.03.14"]
[Round "8"]
[White "Gestrich, Wolfgang_ProfDr"]
[Black "Ganslmayer, Herbert"]
[Result "0-1"]
[WhiteElo "1595"]
[BlackElo "1779"]
[PlyCount "142"]
[EventDate "2002.03.??"]

1. c4 e6 2. Nc3 d5 3. cxd5 exd5 4. d4 f5 5. g3 c6 6. Bg2 Bd6 7. f4 Nf6 8. e3
O-O 9. Nf3 Qe8 10. h3 Nbd7 11. Ne5 Ne4 12. Nxe4 fxe4 13. Nxd7 Bxd7 14. a3 Qe7
15. Rb1 g5 16. Qh5 gxf4 17. gxf4 Rf5 18. Qe2 Kh8 19. Qf2 Rg8 20. b4 Qg7 21. Rb2
Rh5 22. Kd1 Be7 23. Qf1 Bh4 24. Re2 Rh6 25. Bd2 Rg6 26. Rh2 Bg3 27. Rh1 Bf5 28.
Qg1 Be6 29. Qf1 Qf6 30. Be1 Bxe1 31. Kxe1 Qh4+ 32. Kd1 Qh5 33. Kd2 Bf5 34. Rh2
Rg3 35. Qh1 R8g6 36. h4 Rg7 37. Re1 Qg6 38. Re2 Bg4 39. h5 Qf5 40. h6 Rg6 41.
Rf2 Bf3 42. Qf1 Bxg2 43. Rfxg2 Rxg2+ 44. Rxg2 Qh3 45. Rf2 Qxf1 46. Rxf1 Rxh6
47. Ke2 Kg7 48. Rg1+ Kf7 49. Kf2 b6 50. Rg5 Rh2+ 51. Rg2 Rh1 52. Rg1 Rxg1 53.
Kxg1 Ke6 54. Kf2 Kd6 55. f5 c5 56. bxc5+ bxc5 57. dxc5+ Kxc5 58. Kg3 Kd6 59.
Kf4 h6 60. f6 h5 61. f7 Ke7 62. f8=Q+ Kxf8 63. Ke5 h4 64. Kf4 Kf7 65. Kg4 Kf6
66. Kxh4 Ke5 67. Kg3 d4 68. exd4+ Kxd4 69. Kf2 Kd3 70. a4 a5 71. Ke1 Ke3 0-1

[Event "18.int.Seniorenturnier Bad Woerishofen"]
[Site "Veranstalter: chessorg"]
[Date "2002.03.14"]
[Round "8"]
[White "Girod, Gudrun"]
[Black "Weber, Siegfried_27Fech"]
[Result "0-1"]
[WhiteElo "1387"]
[BlackElo "1571"]
[PlyCount "36"]
[EventDate "2002.03.??"]

1. d4 g6 2. e4 d6 3. Nf3 Nd7 4. Bd3 Bg7 5. c3 Ngf6 6. h3 O-O 7. O-O Re8 8. Re1
e5 9. Bg5 b6 10. dxe5 dxe5 11. Nbd2 Qe7 12. b4 a5 13. a3 Bb7 14. Rb1 Qf8 15. c4
axb4 16. axb4 Ra3 17. Qc2 Rea8 18. Bf1 Qd6 0-1

[Event "18.int.Seniorenturnier Bad Woerishofen"]
[Site "Veranstalter: chessorg"]
[Date "2002.03.14"]
[Round "8"]
[White "Gruebling, Karl_Heinz"]
[Black "Narr, Irmgard"]
[Result "1-0"]
[WhiteElo "1572"]
[BlackElo "1290"]
[PlyCount "95"]
[EventDate "2002.03.??"]

1. d4 Nf6 2. Nf3 e6 3. c4 d5 4. Nc3 b6 5. Bg5 Be7 6. e3 O-O 7. Bd3 c5 8. O-O
Nc6 9. Rc1 Bb7 10. Qe2 Nb4 11. Bb1 Qc7 12. a3 Nc6 13. Bxf6 Bxf6 14. cxd5 exd5
15. Nxd5 Qd6 16. Nxf6+ Qxf6 17. dxc5 Ne5 18. Nxe5 Qxe5 19. c6 Bc8 20. Rfd1 Qc7
21. Rd4 Be6 22. b4 a6 23. Qd3 g6 24. Qc3 Rac8 25. Be4 Rfe8 26. a4 Qe7 27. b5 a5
28. c7 Qg5 29. Bb7 Bh3 30. g3 h5 31. Bxc8 Rxc8 32. Rcd1 Kh7 33. Rd8 f6 34. Rxc8
Bxc8 35. Qd4 Qf5 36. Qxb6 Qf3 37. Qd6 Bh3 38. Qd5 Qg4 39. Qf7+ Kh6 40. Qf8+ Kh7
41. Qf7+ Kh6 42. Qd5 Qxa4 43. b6 Be6 44. Qxe6 Qxd1+ 45. Kg2 f5 46. c8=Q h4 47.
Qh8+ Kg5 48. Qxh4# 1-0

[Event "18.int.Seniorenturnier Bad Woerishofen"]
[Site "Veranstalter: chessorg"]
[Date "2002.03.14"]
[Round "8"]
[White "Harke, Horst"]
[Black "Thonig, Manfred"]
[Result "1-0"]
[WhiteElo "1755"]
[BlackElo "1603"]
[PlyCount "77"]
[EventDate "2002.03.??"]

1. d4 f5 2. c4 b6 3. Nc3 e6 4. Nf3 Bb7 5. d5 Bb4 6. Bd2 Nf6 7. dxe6 Bxf3 8.
exd7+ Nbxd7 9. exf3 Nc5 10. Qe2+ Kf7 11. O-O-O Re8 12. Be3 Qe7 13. Qc2 Ne6 14.
Kb1 Bxc3 15. Qxc3 f4 16. Bc1 Qc5 17. Rd2 Rad8 18. b4 Qc6 19. b5 Qb7 20. Rxd8
Rxd8 21. Bd3 c6 22. a4 cxb5 23. axb5 a6 24. Bf5 axb5 25. Re1 Nd4 26. Be4 Qc8
27. Bxf4 bxc4 28. Be3 Nxe4 29. fxe4 Nb5 30. Qb4 Rd3 31. Kc2 Qa6 32. Qxc4+ Kf8
33. Kxd3 Qa3+ 34. Ke2 Nd6 35. Qd3 Qb4 36. Kf1 Nc4 37. Rb1 Nxe3+ 38. fxe3 Qc5
39. Rd1 1-0

[Event "18.int.Seniorenturnier Bad Woerishofen"]
[Site "Veranstalter: chessorg"]
[Date "2002.03.14"]
[Round "8"]
[White "Kuhn, Arno_29Ludw"]
[Black "Malik, Heinz"]
[Result "1/2-1/2"]
[WhiteElo "1532"]
[BlackElo "1662"]
[PlyCount "51"]
[EventDate "2002.03.??"]

1. d4 d5 2. c4 e6 3. e3 Nf6 4. Nf3 c5 5. Nc3 cxd4 6. exd4 Be7 7. Bd3 dxc4 8.
Bxc4 O-O 9. O-O a6 10. a4 Nbd7 11. Bf4 Re8 12. h3 Nb6 13. Bb3 Nbd5 14. Be5 Nxc3
15. bxc3 Bd6 16. Qd3 Bxe5 17. Nxe5 Nd7 18. Bc2 Nf8 19. Rfe1 Bd7 20. Qf3 f6 21.
Nxd7 Qxd7 22. Bb3 Kh8 23. Rab1 Rab8 24. Red1 Qc7 25. c4 Ng6 26. g3 1/2-1/2

[Event "18.int.Seniorenturnier Bad Woerishofen"]
[Site "Veranstalter: chessorg"]
[Date "2002.03.14"]
[Round "8"]
[White "Kuhnert, Werner"]
[Black "Hennige, Anneliese"]
[Result "1-0"]
[WhiteElo "1200"]
[BlackElo "1144"]
[PlyCount "75"]
[EventDate "2002.03.??"]

1. e4 e5 2. Nf3 d6 3. d4 Nf6 4. Nc3 Be7 5. dxe5 Nfd7 6. exd6 cxd6 7. Be2 Qc7 8.
Nd5 Qd8 9. Nxe7 Qxe7 10. Bd3 O-O 11. O-O Nc5 12. Re1 Nbd7 13. a3 Nf6 14. Bg5
Qe6 15. Nd4 Qe5 16. Bxf6 Qxf6 17. c3 Qg6 18. Qc2 Bh3 19. g3 Rfe8 20. e5 Qh6 21.
exd6 Qxd6 22. Bxh7+ Kh8 23. Bf5 Bxf5 24. Nxf5 Qf6 25. Rad1 Ne6 26. f4 g5 27.
fxg5 Nxg5 28. Rf1 Nh3+ 29. Kg2 Ng5 30. Nd6 Re7 31. Rxf6 Kg7 32. Rff1 b6 33.
Nf5+ Kf6 34. Nxe7+ Kxe7 35. Qe2+ Ne6 36. Qa6 Re8 37. Qxa7+ Kf8 38. Qxf7# 1-0

[Event "18.int.Seniorenturnier Bad Woerishofen"]
[Site "Veranstalter: chessorg"]
[Date "2002.03.14"]
[Round "8"]
[White "Malik, Rosemarie"]
[Black "Zacharias, Helmut"]
[Result "0-1"]
[WhiteElo "1293"]
[BlackElo "1435"]
[PlyCount "69"]
[EventDate "2002.03.??"]

1. e4 c5 2. Nf3 Nc6 3. d4 cxd4 4. Nxd4 g6 5. Be3 Bg7 6. Nc3 Nf6 7. Be2 O-O 8.
O-O d5 9. exd5 Nxd5 10. Nxd5 Qxd5 11. c3 Nxd4 12. Bxd4 e5 13. Be3 Be6 14. Qxd5
Bxd5 15. Rfd1 Bc6 16. Rd6 a6 17. Rad1 e4 18. h3 Be5 19. R6d2 b5 20. Bd4 Bc7 21.
b4 a5 22. Bc5 Rfe8 23. Ra1 Bf4 24. Be3 Be5 25. Bd4 axb4 26. Bxe5 Rxe5 27. cxb4
Rae8 28. Rad1 e3 29. fxe3 Rxe3 30. Re1 Rg3 31. Bf3 Rxe1+ 32. Kf2 Bxf3 33. Kxg3
Bc6 34. Rd8+ Be8 35. Rc8 0-1

[Event "18.int.Seniorenturnier Bad Woerishofen"]
[Site "Veranstalter: chessorg"]
[Date "2002.03.14"]
[Round "8"]
[White "Marzluf, Dieter"]
[Black "Hausner, Alfreda"]
[Result "1-0"]
[WhiteElo "1834"]
[BlackElo "1696"]
[PlyCount "145"]
[EventDate "2002.03.??"]

1. d4 d5 2. Bf4 c6 3. c3 Bf5 4. Nd2 Nf6 5. e3 e6 6. Ngf3 h6 7. Ne5 Nbd7 8. h4
Nxe5 9. dxe5 Nd7 10. g4 Bh7 11. Bg3 g6 12. Nf3 Qb6 13. Qb3 Bc5 14. Bf4 Qxb3 15.
axb3 h5 16. g5 Bb6 17. Be2 O-O 18. Bg3 Bc7 19. O-O a6 20. b4 Kg7 21. Rfd1 Rfd8
22. b3 Bg8 23. Ra2 Kh7 24. Rda1 Rab8 25. Kg2 Kg7 26. Rd1 Kh7 27. c4 Ra8 28.
Rda1 Rab8 29. Bd3 Kg7 30. Kf1 Kh7 31. Rd1 Rdc8 32. b5 Kg7 33. Rad2 Kf8 34. e4
Re8 35. Ra2 Kg7 36. Rc1 Kh7 37. Ke2 Kg7 38. Ke3 Kh7 39. Kd4 Kg7 40. Nd2 Kh7 41.
f4 Ra8 42. Ke3 Kg7 43. Be1 Red8 44. Nf1 Kh7 45. Ng3 Kg7 46. Kf2 Kh7 47. exd5
exd5 48. Nxh5 Bxe5 49. fxe5 Nxe5 50. Nf6+ Kg7 51. Be2 d4 52. Rd2 d3 53. Bf1 Rd4
54. Kg2 Rad8 55. Bg3 Ng4 56. Nxg4 Rxg4 57. Rxd3 Rxd3 58. Bxd3 f5 59. gxf6+ Kxf6
60. Rf1+ Kg7 61. Kh2 axb5 62. cxb5 Rb4 63. Rb1 Bd5 64. Be5+ Kh6 65. Kg3 Be6 66.
Bf4+ Kg7 67. Bc2 Kf7 68. Rf1 Kg7 69. Be5+ Kh6 70. Rf4 Rxf4 71. Bxf4+ Kg7 72. b4
Kf7 73. Be5 1-0

[Event "18.int.Seniorenturnier Bad Woerishofen"]
[Site "Veranstalter: chessorg"]
[Date "2002.03.14"]
[Round "8"]
[White "Miessner, Rolf"]
[Black "Baur, Theo"]
[Result "1-0"]
[WhiteElo "1634"]
[BlackElo "1499"]
[PlyCount "49"]
[EventDate "2002.03.??"]

1. e4 e5 2. Nf3 d6 3. d4 exd4 4. Nxd4 c5 5. Nf3 Nc6 6. Nc3 a6 7. Be2 g6 8. O-O
Bg7 9. Bf4 Nd4 10. Re1 Bg4 11. Nxd4 cxd4 12. Bxg4 dxc3 13. b3 Nf6 14. Bf3 O-O
15. a4 Rb8 16. Bxd6 Qc8 17. Bxb8 Qxb8 18. Re3 Rd8 19. Rd3 Rxd3 20. Qxd3 Ne8 21.
Rd1 Bf6 22. g3 Kg7 23. Bg2 Qc8 24. Qd7 Nc7 25. Qxc8 1-0

[Event "18.int.Seniorenturnier Bad Woerishofen"]
[Site "Veranstalter: chessorg"]
[Date "2002.03.14"]
[Round "8"]
[White "Oser, Thor"]
[Black "Reinke, Kurt_39Benr"]
[Result "1/2-1/2"]
[WhiteElo "1703"]
[BlackElo "1887"]
[PlyCount "102"]
[EventDate "2002.03.??"]

1. e4 c5 2. Nf3 d6 3. d4 cxd4 4. Nxd4 Nf6 5. Nd2 e5 6. N4b3 Be7 7. Be2 O-O 8.
O-O Nc6 9. c3 a6 10. a4 Be6 11. Bd3 Qc7 12. Qe2 Bg4 13. f3 Be6 14. Bc4 d5 15.
exd5 Nxd5 16. Ne4 h6 17. Bxd5 Bxd5 18. Nbd2 f5 19. Ng3 Na5 20. Qd3 Be6 21. Qc2
Rad8 22. b3 Nxb3 23. Nxb3 Qb6+ 24. Kh1 Qxb3 25. Qxb3 Bxb3 26. Ba3 Bxa3 27. Rxa3
Bc4 28. Re1 g6 29. h4 Rd5 30. a5 Kg7 31. Rb1 Rd7 32. Raa1 h5 33. Rb6 Rc8 34.
Re1 Re8 35. Kg1 Kf7 36. Nf1 Bxf1 37. Kxf1 Re6 38. Reb1 Ree7 39. c4 Rc7 40. R6b4
Red7 41. Ke2 f4 42. Ke1 Re7 43. Kf2 Rcd7 44. Ke2 Rc7 45. Kf2 Rc5 46. Rxb7 Rxa5
47. Rxe7+ Kxe7 48. Rb6 Kf7 49. c5 Rxc5 50. Rxa6 Rc7 51. Rb6 Re7 1/2-1/2

[Event "18.int.Seniorenturnier Bad Woerishofen"]
[Site "Veranstalter: chessorg"]
[Date "2002.03.14"]
[Round "8"]
[White "Rueggeberg, Wilhelm"]
[Black "Kahler, Kurt"]
[Result "1/2-1/2"]
[WhiteElo "1798"]
[BlackElo "1727"]
[PlyCount "28"]
[EventDate "2002.03.??"]

1. d4 Nf6 2. Nf3 e6 3. c4 b6 4. Bg5 Bb7 5. e3 h6 6. Bh4 Bb4+ 7. Nbd2 g5 8. Bg3
Bxd2+ 9. Nxd2 d6 10. f3 Nbd7 11. Bd3 Qe7 12. Qe2 c5 13. O-O Nh5 14. Ne4 Nf4
1/2-1/2

[Event "18.int.Seniorenturnier Bad Woerishofen"]
[Site "Veranstalter: chessorg"]
[Date "2002.03.14"]
[Round "8"]
[White "Ruth, Walter"]
[Black "Peierl, Walter"]
[Result "1/2-1/2"]
[WhiteElo "1855"]
[BlackElo "1846"]
[PlyCount "84"]
[EventDate "2002.03.??"]

1. Nf3 Nf6 2. b3 d6 3. Bb2 Nc6 4. e3 e5 5. Bb5 a6 6. Bxc6+ bxc6 7. d3 Bg4 8. h3
Bh5 9. Nbd2 Be7 10. O-O O-O 11. c4 Nd7 12. Qc2 Bg6 13. e4 f5 14. c5 fxe4 15.
dxe4 Rf4 16. Rac1 d5 17. Nxe5 Nxe5 18. Bxe5 Rf7 19. f4 dxe4 20. Nxe4 Qd5 21.
Rfe1 Re8 22. Qc4 Bh4 23. Re2 h6 24. Kh2 Rxe5 25. fxe5 Qxe5+ 26. Kh1 Qf5 27. Nd6
cxd6 28. Qxh4 d5 29. Ree1 Rf6 30. Qg3 Kh7 31. Qe3 Qh5 32. Rf1 Be4 33. Rxf6 gxf6
34. Kh2 Qe5+ 35. Qg3 h5 36. Qxe5 fxe5 37. g3 Kg6 38. Kg1 Kf5 39. Kf2 d4 40. b4
Bd5 41. g4+ hxg4 42. hxg4+ Kf4 1/2-1/2

[Event "18.int.Seniorenturnier Bad Woerishofen"]
[Site "Veranstalter: chessorg"]
[Date "2002.03.14"]
[Round "8"]
[White "Schafroth, Georg"]
[Black "Hoeppner, Hans_18Nog"]
[Result "0-1"]
[WhiteElo "1422"]
[BlackElo "1599"]
[PlyCount "48"]
[EventDate "2002.03.??"]

1. d4 e6 2. c4 Ne7 3. Nc3 Ng6 4. Nf3 Nh4 5. e3 d6 6. g3 Nxf3+ 7. Qxf3 Nd7 8.
Bg2 e5 9. O-O Be7 10. Re1 O-O 11. Qd1 c6 12. Qc2 f5 13. Ne2 Bg5 14. f4 exf4 15.
exf4 Be7 16. Be3 Nf6 17. Bf3 Bd7 18. a3 Rb8 19. b4 d5 20. c5 Kh8 21. Nc1 Re8
22. Nd3 Be6 23. Bf2 Ne4 24. Be2 Bf6 0-1

[Event "18.int.Seniorenturnier Bad Woerishofen"]
[Site "Veranstalter: chessorg"]
[Date "2002.03.14"]
[Round "8"]
[White "Scheidt, Eugen"]
[Black "Meyer, Walter_34Henn"]
[Result "1/2-1/2"]
[WhiteElo "1790"]
[BlackElo "1745"]
[PlyCount "37"]
[EventDate "2002.03.??"]

1. e4 c5 2. Nf3 Nc6 3. d4 cxd4 4. Nxd4 g6 5. c4 Bg7 6. Be3 d6 7. Nc3 a6 8. Qd2
Nf6 9. f3 Bd7 10. Be2 O-O 11. O-O Rc8 12. Rac1 Qa5 13. Nb3 Qd8 14. c5 Be6 15.
cxd6 Qxd6 16. Qxd6 exd6 17. Nd4 Nxd4 18. Bxd4 d5 19. e5 1/2-1/2

[Event "18.int.Seniorenturnier Bad Woerishofen"]
[Site "Veranstalter: chessorg"]
[Date "2002.03.14"]
[Round "8"]
[White "Tochtermann, Georg_Dr"]
[Black "Koenigl, Anton"]
[Result "0-1"]
[WhiteElo "1828"]
[BlackElo "1827"]
[PlyCount "74"]
[EventDate "2002.03.??"]

1. e4 d5 2. exd5 Qxd5 3. Nc3 Qa5 4. Bc4 Nf6 5. Nge2 Bg4 6. O-O e6 7. d3 c6 8.
h3 Bxe2 9. Qxe2 Qc7 10. Bg5 Nbd7 11. a4 Be7 12. Rfe1 O-O-O 13. Be3 Kb8 14. d4
Bb4 15. Qf3 h6 16. Red1 g5 17. Ne4 Nxe4 18. Qxe4 Rde8 19. c3 Bd6 20. g4 Nf6 21.
Qf3 Qe7 22. Kf1 Nd7 23. Bd3 Rhf8 24. Re1 Bc7 25. Qg2 Qd6 26. c4 f5 27. c5 Nxc5
28. Bc2 Na6 29. f3 fxg4 30. hxg4 Nb4 31. Bg6 Rd8 32. Kg1 Nd5 33. Bd2 Nf4 34.
Bxf4 Rxf4 35. Ra3 Rxd4 36. Rae3 Rd2 37. R1e2 Bb6 0-1

[Event "18.int.Seniorenturnier Bad Woerishofen"]
[Site "Veranstalter: chessorg"]
[Date "2002.03.14"]
[Round "8"]
[White "Winkler, Hans"]
[Black "Czeitschner, Roland"]
[Result "1/2-1/2"]
[WhiteElo "1668"]
[BlackElo "1821"]
[PlyCount "82"]
[EventDate "2002.03.??"]

1. c4 Nf6 2. Nc3 d5 3. cxd5 Nxd5 4. Nf3 g6 5. g3 Bg7 6. Bg2 c6 7. O-O O-O 8. d4
Nd7 9. Bd2 N7b6 10. Qc1 Re8 11. e4 Nf6 12. Bh6 Bh8 13. h3 Bg7 14. b3 Nbd7 15.
Bxg7 Kxg7 16. Rd1 Qa5 17. Nd2 Nf8 18. e5 Nd5 19. Nxd5 cxd5 20. Nf3 Bf5 21. Qc5
b6 22. Qxa5 bxa5 23. Rdc1 Rac8 24. Rc5 Rxc5 25. dxc5 Rc8 26. Rc1 Be4 27. c6 Ne6
28. Ne1 Bxg2 29. Kxg2 Nd8 30. Rc5 e6 31. Nf3 Nxc6 32. Nd4 Ne7 33. Rxa5 Rc7 34.
Ra6 Nc8 35. a4 Rb7 36. Nb5 Kf8 37. Kf3 Ke7 38. Ke3 h6 39. h4 Kd7 40. Kd4 Rb6
41. Rxb6 axb6 1/2-1/2

[Event "18.int.Seniorenturnier Bad Woerishofen"]
[Site "Veranstalter: chessorg"]
[Date "2002.03.14"]
[Round "8"]
[White "Wohlfart, Karl_Heinz"]
[Black "Richter, Gerhard_Dr_28Marb"]
[Result "1/2-1/2"]
[WhiteElo "1699"]
[BlackElo "1840"]
[PlyCount "27"]
[EventDate "2002.03.??"]

1. Nf3 d6 2. g3 f5 3. d4 Nf6 4. Bg2 g6 5. O-O Bg7 6. c4 O-O 7. Nc3 Nc6 8. Qc2
e5 9. dxe5 dxe5 10. Rd1 Qe8 11. Be3 Ng4 12. Bc5 Rf7 13. Ng5 Rd7 14. Rxd7
1/2-1/2

[Event "18.int.Seniorenturnier Bad Woerishofen"]
[Site "Veranstalter: chessorg"]
[Date "2002.03.14"]
[Round "8"]
[White "Wolf, Alfred_34Bliest"]
[Black "Janssen, Helmut_35Itze"]
[Result "1/2-1/2"]
[WhiteElo "1779"]
[BlackElo "1878"]
[PlyCount "75"]
[EventDate "2002.03.??"]

1. d4 Nf6 2. c4 e6 3. Nf3 b6 4. g3 Bb7 5. Bg2 Be7 6. O-O O-O 7. Nc3 d5 8. Ne5
Nbd7 9. a3 c5 10. Nxd7 Qxd7 11. cxd5 Nxd5 12. Nxd5 exd5 13. dxc5 bxc5 14. e3
Rfd8 15. b3 Bf6 16. Rb1 Ba6 17. Re1 Rab8 18. Bb2 Bxb2 19. Rxb2 c4 20. b4 c3 21.
Rc2 Rbc8 22. Bf1 Bxf1 23. Rxf1 Qh3 24. Qc1 Qd7 25. Rd1 Rc6 26. Rd3 Rdc8 27. Kg2
g6 28. h4 h5 29. Kg1 Kg7 30. Kg2 Kf6 31. Kf3 R8c7 32. Kg2 Ke6 33. Kf3 f5 34.
Kg2 Rc4 35. Kf1 R7c6 36. Kg2 a6 37. Kg1 Ke5 38. Kg2 1/2-1/2

[Event "18.int.Seniorenturnier Bad Woerishofen"]
[Site "Veranstalter: chessorg"]
[Date "2002.03.14"]
[Round "8"]
[White "Wolf, Margot"]
[Black "Hennig, Manfred_Dr"]
[Result "1/2-1/2"]
[WhiteElo "1221"]
[BlackElo "1480"]
[PlyCount "55"]
[EventDate "2002.03.??"]

1. d4 Nf6 2. Nf3 d5 3. Bf4 c6 4. e3 e6 5. c3 Be7 6. h3 O-O 7. Bd3 Nbd7 8. O-O
h6 9. Nbd2 b5 10. e4 dxe4 11. Nxe4 Nb6 12. Nxf6+ Bxf6 13. Be4 Bb7 14. Qc2 Be7
15. Nd2 Bd6 16. Bxd6 Qxd6 17. Rad1 Rad8 18. g4 Nd5 19. Bxd5 exd5 20. Rde1 Rde8
21. Qd1 Re6 22. Rxe6 Qxe6 23. Re1 Qd7 24. Re2 Re8 25. Qe1 Rxe2 26. Qxe2 Bc8 27.
Nf3 f6 28. Kg2 1/2-1/2